000 00682nam a22002057a 4500
003 0
005 20250918083635.0
008 250918b xxu||||| |||| 00| 0 eng d
020 _a979-8-88836-784-1
050 _aQA 79.59
_b.P45 2025
100 _aPhillips, Ian,
_eauthor.
245 _aMobile computing :
_bconcepts, design and safety /
_cIan Phillips.
260 _aNew York, NY :
_bLarsen and Keller Education,
_c2025.
300 _avi, 350 pages :
_bcolored illustrations ;
_c27 cm.
504 _aIncludes bibliographical references and index.
650 _aMobile computing.
650 _aCell phone systems.
650 _aWireless communication systems.
942 _2lcc
_cBK
999 _c368030
_d368030